000
00230nam a2200097Ia 4500
008
240331s9999 xx 000 0 und d
082
_b
JAN
100
_a
Bhattacharya,R. ed
245
0
_a
Janani mother daughters motherhood
942
_c
L
999
_c
4487
_d
4487